The American democracy / (Record no. 185156)

000 -LEADER
fixed length control field 00728 a2200205 4500
003 - CONTROL NUMBER IDENTIFIER
control field Nust
005 - DATE AND TIME OF LATEST TRANSACTION
control field 20221221085628.0
010 ## - LIBRARY OF CONGRESS CONTROL NUMBER
LC control number 92017429
020 ## - INTERNATIONAL STANDARD BOOK NUMBER
International Standard Book Number 0070488355
040 ## - CATALOGING SOURCE
Transcribing agency Nust
082 00 - DEWEY DECIMAL CLASSIFICATION NUMBER
Classification number 320.973,PAR
100 1# - MAIN ENTRY--PERSONAL NAME
Personal name Patterson, Thomas E.
9 (RLIN) 63749
245 14 - TITLE STATEMENT
Title The American democracy /
Statement of responsibility, etc. Thomas E. Patterson.
250 ## - EDITION STATEMENT
Edition statement 5th ed.
260 ## - PUBLICATION, DISTRIBUTION, ETC.
Place of publication, distribution, etc. New York :
Name of publisher, distributor, etc. McGraw-Hill,
Date of publication, distribution, etc. c1993.
300 ## - PHYSICAL DESCRIPTION
Extent 1 v. (various pagings) :
Other physical details ill. (some col.), col. map ;
Dimensions 27 cm.
505 ## - FORMATTED CONTENTS NOTE
Formatted contents note Foundation (Page-2), Mass Politics (Page-153), Governing Institution (Page-319), Public Policy (Page-490), State and Local Government (Page-587).
651 #0 - SUBJECT ADDED ENTRY--GEOGRAPHIC NAME
Geographic name United States
General subdivision Politics and government.
9 (RLIN) 8166
942 ## - ADDED ENTRY ELEMENTS (KOHA)
Source of classification or shelving scheme
Koha item type Book
Call number prefix 320.973,PAR
Holdings
Withdrawn status Lost status Source of classification or shelving scheme Damaged status Not for loan Permanent Location Current Location Shelving location Date acquired Full call number Barcode Date last seen Price effective from Koha item type Public note
          Military College of Signals (MCS) Military College of Signals (MCS) General Stacks 12/12/2016 320.973,PAR MCS33854 12/08/2016 12/12/2016 Book Almirah No.49, Shelf No.5
© 2023 Central Library, National University of Sciences and Technology. All Rights Reserved.